000
00327nam a22001337a 4500
003
SGT
020
_a
9789352666775
082
_a
920
_b
K18C
100
_a
चौरसिया, दीपक
245
_a
कूड़ा धन
260
_b
प्रभात प्रकाशन
_c
2018
300
_a
182
942
_2
ddc
_c
BK
999
_c
31984
_d
31984